Countries where Pinkpantheress has been on tour - Statistics

General Stats
  • This quiz has been taken 17 times
  • The average score is 10 of 11
Answer Stats
Tour Country % Correct
To Hell With It; Capable of Love; An Evening With... Pinkpantheress France
100%
To Hell With It; Capable of Love;
An Evening With... Pinkpantheress
Germany
100%
An Evening With...Pinkpantheress Japan
100%
To Hell With It; Capable of Love; An Evening With... Pinkpantheress United Kingdom
100%
To Hell With It; Capable of Love; An Evening With... Pinkpantheress United States
100%
To Hell With It; An Evening With... Pinkpantheress Australia
93%
Capable of Love; An Evening With... Pinkpantheress Canada
86%
To Hell With It; Capable of Love Ireland
86%
An Evening With...Pinkpantheress Mexico
86%
To Hell With It; An Evening With... Pinkpantheress New Zealand
86%
To Hell With It; Capable of Love; An Evening With... Pinkpantheress Netherlands
79%
No matching quizzes found
Score Distribution
Percent of People with Each Score
Percentile by Number Answered
Your Score History
You have not taken this quiz